| 000 | 00401nam a2200109Ia 4500 | ||
|---|---|---|---|
| 008 | 220204s9999 xx 000 0 und d | ||
| 020 | _a8187607033 | ||
| 082 |
_a058:001.63 _bDIR |
||
| 245 | 0 | _aDirectory of extramural research & development projects approved for funding by selected central government agencies/departments during 1999-2000 | |
| 260 |
_aNew Delhi _bGovernment of India _c2002 |
||
| 942 | _cBK | ||
| 999 |
_c44095 _d44095 |
||